| 000 | 00387nam a2200157Ia 4500 | ||
|---|---|---|---|
| 008 | 230312s9999||||xx |||||||||||||| ||und|| | ||
| 020 | _a0-19-906467-0 | ||
| 082 |
_a820 _bAZF-O |
||
| 100 | _aAzfar;Amina | ||
| 245 | 0 | _aOxford book of Urdu Short Stories | |
| 260 |
_bOxford _aPakistan _c2011 |
||
| 300 | _a403 | ||
| 546 | _aEng. | ||
| 650 |
_aLiterature _vEnglish Literature |
||
| 942 | _cBK | ||
| 999 |
_c9356 _d9356 |
||